000 00701nam a22002417a 4500
999 _c313195
_d313195
001 26861
003 UA-OsUOA
005 20200811214428.0
007 ta
008 20040610b un ||||| |||| 00| 0 ukr d
020 _a5-7975-0141-4
040 _aUA-OsUOA
_brus
_cUA-OsUOA
_dUA-OsUOA
041 _arus
044 _aRU
080 _a657.6(075.8)
090 _a657.6(075.8)
_bП68
245 _aПравовые основы бухгалтерского учета и аудиторской деятельности
_bучебник
_cотв. ред. С. Г. Чаадаев
260 _aМосква
_bЮристъ
_c1999
300 _a416 с.
650 7 _2UDC
942 _cBK
_2udc
955 _a0